[Event "Women's Speed Chess GP2"]
[Site "chess.com INT"]
[Date "2020.07.01"]
[Round "1.1"]
[White "Harika, Dronavalli"]
[Black "Ushenina, Anna"]
[Result "1/2-1/2"]
[WhiteTitle "GM"]
[BlackTitle "GM"]
[WhiteElo "2515"]
[BlackElo "2416"]
[WhiteFideId "5015197"]
[BlackFideId "14110911"]
[EventDate "2020.07.01"]
[EventType "k.o. blitz"]

1. c4 b6 2. Nc3 Bb7 3. e4 e5 4. g3 f5 5. d3 Nf6 6. Bg2 Bc5 7. Nge2 O-O 8. O-O
fxe4 9. Nxe4 Nxe4 10. dxe4 a5 11. Nc3 Nc6 12. Nd5 Rf7 13. Be3 Nd4 14. Kh1 Ne6
15. Qd2 Bxe3 16. fxe3 Rxf1+ 17. Rxf1 Nc5 18. b3 d6 19. Qf2 Bxd5 20. exd5 Qe7 21.
e4 Rf8 22. Qe3 Rxf1+ 23. Bxf1 Qf6 24. Kg1 Qg6 25. Bg2 Kf7 26. h4 Qg4 27. Kh2 h6
28. Bf3 Qg6 29. Bg2 Nd7 30. Bf3 Nf6 31. a3 Ng4+ 32. Bxg4 Qxg4 33. b4 axb4 34.
axb4 Qd1 35. Qf2+ Ke7 36. Qf5 Qe2+ 37. Kh3 Qxc4 38. Qe6+ Kf8 39. Qc8+ Kf7 40.
Qe6+ Kf8 41. Qc8+ Kf7 42. Qe6+ Kf8 1/2-1/2

[Event "Women's Speed Chess GP2"]
[Site "chess.com INT"]
[Date "2020.07.01"]
[Round "1.2"]
[White "Ushenina, Anna"]
[Black "Harika, Dronavalli"]
[Result "1/2-1/2"]
[WhiteTitle "GM"]
[BlackTitle "GM"]
[WhiteElo "2416"]
[BlackElo "2515"]
[WhiteFideId "14110911"]
[BlackFideId "5015197"]
[EventDate "2020.07.01"]
[EventType "k.o. blitz"]

1. d4 d5 2. Nf3 c5 3. c4 e6 4. cxd5 exd5 5. Nc3 Nc6 6. dxc5 d4 7. Na4 Bxc5 8.
Nxc5 Qa5+ 9. Bd2 Qxc5 10. e3 dxe3 11. Bxe3 Qb4+ 12. Qd2 Qxd2+ 13. Nxd2 Nge7 14.
O-O-O O-O 15. Nc4 Be6 16. b3 Nf5 17. Bf4 Rfd8 18. Bd3 Nfd4 19. Kb2 Nb4 20. Be4
Bxc4 21. bxc4 Ne6 22. Bd6 Nc6 23. Bxc6 bxc6 24. Kc3 f6 25. c5 Rd7 26. Kc4 Kf7
27. Rhe1 Rad8 28. Rb1 Nc7 29. Rb7 Nd5 30. Rxd7+ Rxd7 31. Rb1 Ne7 32. g4 Nc8 33.
Bf4 g5 34. Rb8 gxf4 35. Rxc8 Rd2 36. Rxc6 Rxa2 37. f3 Rxh2 38. Kd5 Rd2+ 39. Ke4
a5 40. Kxf4 a4 41. Kf5 Rd5+ 42. Ke4 Rd1 43. Rc7+ Ke6 44. Rc6+ Ke7 45. Ra6 Re1+
46. Kd5 Rd1+ 47. Kc6 Rf1 48. Ra7+ Ke6 49. Rxa4 Rxf3 50. Re4+ Kf7 51. Kc7 f5 52.
gxf5 Rxf5 53. c6 Kg6 54. Rc4 Kg5 55. Kd7 h5 56. c7 Rf8 57. Re4 h4 58. Re8 Rf7+
59. Re7 Rf8 60. Re8 Rf7+ 61. Kd6 Rxc7 62. Kxc7 Kf4 63. Kd6 h3 64. Rh8 Kg3 65.
Ke5 h2 66. Ke4 Kg2 67. Rg8+ Kf2 68. Rh8 Kg2 69. Ke3 h1=Q 70. Rxh1 Kxh1 1/2-1/2

[Event "Women's Speed Chess GP2"]
[Site "chess.com INT"]
[Date "2020.07.01"]
[Round "1.3"]
[White "Harika, Dronavalli"]
[Black "Ushenina, Anna"]
[Result "1/2-1/2"]
[WhiteTitle "GM"]
[BlackTitle "GM"]
[WhiteElo "2515"]
[BlackElo "2416"]
[WhiteFideId "5015197"]
[BlackFideId "14110911"]
[EventDate "2020.07.01"]
[EventType "k.o. blitz"]

1. d4 d5 2. Nf3 Nf6 3. g3 b5 4. Bg2 e6 5. O-O Nbd7 6. a4 b4 7. c4 bxc3 8. Nxc3
Ba6 9. a5 Be7 10. Bf4 O-O 11. Qa4 c5 12. Rfc1 cxd4 13. Nxd4 Nc5 14. Qd1 Bd6 15.
Bxd6 Qxd6 16. b4 Nce4 17. Nxe4 dxe4 18. Rc6 Qxb4 19. Rb1 Qxa5 20. Ra1 Qd5 21.
Rcxa6 Rad8 22. e3 e5 23. R6a5 Qd6 24. Ra6 Qe7 25. Rxa7 Qb4 26. R7a4 Qe7 27. Ra7
Qb4 28. R7a4 Qe7 29. h3 exd4 30. Rxd4 Rxd4 31. Qxd4 Rd8 32. Qc4 h5 33. Qc6 Qd7
34. Qxd7 Rxd7 35. Ra8+ Kh7 36. Ra4 Rd1+ 37. Kh2 Rd2 38. Kg1 Rd1+ 39. Kh2 Rd2 40.
Kg1 Rd1+ 1/2-1/2

[Event "Women's Speed Chess GP2"]
[Site "chess.com INT"]
[Date "2020.07.01"]
[Round "1.4"]
[White "Ushenina, Anna"]
[Black "Harika, Dronavalli"]
[Result "1-0"]
[WhiteTitle "GM"]
[BlackTitle "GM"]
[WhiteElo "2416"]
[BlackElo "2515"]
[WhiteFideId "14110911"]
[BlackFideId "5015197"]
[EventDate "2020.07.01"]
[EventType "k.o. blitz"]

1. d4 d5 2. Nf3 c5 3. dxc5 Nc6 4. c4 e6 5. cxd5 exd5 6. Bg5 Nf6 7. e3 Bxc5 8. a3
O-O 9. Be2 h6 10. Bh4 d4 11. exd4 Nxd4 12. O-O Nxe2+ 13. Qxe2 Bg4 14. Nc3 Re8
15. Qb5 Bxf3 16. Qxc5 Bc6 17. Rad1 Qe7 18. Qxe7 Rxe7 19. Bxf6 gxf6 20. Rd6 Kg7
21. Rfd1 Rae8 22. f3 h5 23. Kf2 Re5 24. h4 a6 25. R1d4 R5e6 26. Rd8 Rxd8 27.
Rxd8 Re7 28. Ne2 Re5 29. Nf4 Rc5 30. Rd2 Kh6 31. Ke3 Rc1 32. Ne2 Rc4 33. Nd4 Kg6
34. Kf4 Rc1 35. Nf5 Rc4+ 36. Rd4 Rc2 37. Rd8 Rc4+ 38. Nd4 Kg7 39. Kf5 Rc5+ 40.
Kf4 Rc4 41. Rd6 Kg6 42. g4 hxg4 43. fxg4 a5 44. h5+ Kg7 45. Kf5 Rc5+ 46. Kf4 Rc4
47. Ke3 a4 48. Nf5+ Kh7 49. Rxf6 Rxg4 50. Rxf7+ Kh8 51. Nd4 Re4+ 52. Kd3 Kg8 53.
Nxc6 Rh4 54. Rxb7 1-0

[Event "Women's Speed Chess GP2"]
[Site "chess.com INT"]
[Date "2020.07.01"]
[Round "1.5"]
[White "Harika, Dronavalli"]
[Black "Ushenina, Anna"]
[Result "0-1"]
[WhiteTitle "GM"]
[BlackTitle "GM"]
[WhiteElo "2515"]
[BlackElo "2416"]
[WhiteFideId "5015197"]
[BlackFideId "14110911"]
[EventDate "2020.07.01"]
[EventType "k.o. blitz"]

1. d4 d5 2. Nf3 Nf6 3. g3 b5 4. Bg2 e6 5. O-O Nbd7 6. a4 b4 7. c4 bxc3 8. Nxc3
Be7 9. Bf4 c6 10. a5 Ba6 11. Qa4 Rc8 12. b4 O-O 13. Rfc1 Nh5 14. Bd2 Nhf6 15. b5
cxb5 16. Nxb5 Rxc1+ 17. Rxc1 Qb8 18. Rb1 Bxb5 19. Rxb5 Qc7 20. h3 Ne4 21. Qb3
Nxd2 22. Nxd2 Rb8 23. Rxb8+ Nxb8 24. Qb5 Kf8 25. Nb3 a6 26. Qd3 g6 27. e4 dxe4
28. Bxe4 Bb4 29. d5 e5 30. Qe3 Bxa5 31. d6 Qb6 32. Qh6+ Kg8 33. Bd5 Bb4 34.
Bxf7+ Kxf7 35. Qxh7+ Ke6 36. Qxg6+ Kd7 37. Qf5+ Kxd6 38. Qf6+ Kc7 39. Qxe5+ Bd6
40. Qg7+ Nd7 41. Nd4 Be5 0-1

[Event "Women's Speed Chess GP2"]
[Site "chess.com INT"]
[Date "2020.07.01"]
[Round "1.6"]
[White "Ushenina, Anna"]
[Black "Harika, Dronavalli"]
[Result "1/2-1/2"]
[WhiteTitle "GM"]
[BlackTitle "GM"]
[WhiteElo "2416"]
[BlackElo "2515"]
[WhiteFideId "14110911"]
[BlackFideId "5015197"]
[EventDate "2020.07.01"]
[EventType "k.o. blitz"]

1. d4 g6 2. Nf3 Bg7 3. e4 c6 4. h3 d5 5. exd5 cxd5 6. Bd3 Nc6 7. O-O Nh6 8. Re1
f6 9. c4 Nf7 10. Nc3 dxc4 11. Bxc4 O-O 12. Bf4 Na5 13. Bf1 e6 14. Qd3 Bd7 15.
Rad1 Rc8 16. Nd2 Re8 17. a3 a6 18. b4 Nc6 19. Nc4 e5 20. dxe5 fxe5 21. Bg3 Nd4
22. Ne4 Bb5 23. Rc1 Qd5 24. a4 Bxc4 25. Rxc4 Rxc4 26. Qxc4 Qd7 27. Ng5 Rc8 28.
Qxf7+ Qxf7 29. Nxf7 Kxf7 30. Bxe5 Bxe5 31. Rxe5 Rc1 32. f3 Rb1 33. b5 axb5 34.
axb5 Kf6 35. Rd5 Nf5 36. Rd7 Ne3 37. Kf2 Nxf1 38. Rxh7 Nd2 39. Rxb7 Nc4 40. h4
Rb2+ 41. Kg3 Ne3 42. b6 Rxg2+ 43. Kh3 Rb2 44. Rb8 Nf5 45. b7 Kg7 46. Kg4 Rb4+
47. Kg5 Rb5 48. f4 Nd6+ 49. Kg4 Rxb7 50. Rxb7+ Nxb7 51. h5 gxh5+ 52. Kxh5 Kf6
53. Kg4 Nd6 54. f5 Nxf5 1/2-1/2

[Event "Women's Speed Chess GP2"]
[Site "chess.com INT"]
[Date "2020.07.01"]
[Round "1.7"]
[White "Harika, Dronavalli"]
[Black "Ushenina, Anna"]
[Result "1-0"]
[WhiteTitle "GM"]
[BlackTitle "GM"]
[WhiteElo "2515"]
[BlackElo "2416"]
[WhiteFideId "5015197"]
[BlackFideId "14110911"]
[EventDate "2020.07.01"]
[EventType "k.o. blitz"]

1. d4 d5 2. Nf3 Nf6 3. g3 c6 4. Bg2 h6 5. O-O Bf5 6. c4 e6 7. Nc3 Nbd7 8. Qb3
Qb6 9. c5 Qa6 10. Re1 b6 11. cxb6 axb6 12. Ne5 Nxe5 13. dxe5 Nd7 14. e4 Nc5 15.
Qd1 Nxe4 16. Nxe4 Bxe4 17. Bxe4 dxe4 18. Rxe4 Be7 19. Qg4 g6 20. Be3 h5 21. Qf3
O-O 22. Bh6 Rfd8 23. Rf4 Rd3 24. Qxc6 Rad8 25. Kg2 R3d5 26. h4 Rc8 27. Ra4 Rxc6
28. Rxa6 Rxe5 29. Be3 Bc5 30. Rc1 Rc7 31. b4 Bd6 32. Ra8+ Kg7 33. Rxc7 Bxc7 34.
Bd4 Kf6 35. f4 1-0

[Event "Women's Speed Chess GP2"]
[Site "chess.com INT"]
[Date "2020.07.01"]
[Round "1.8"]
[White "Ushenina, Anna"]
[Black "Harika, Dronavalli"]
[Result "1-0"]
[WhiteTitle "GM"]
[BlackTitle "GM"]
[WhiteElo "2416"]
[BlackElo "2515"]
[WhiteFideId "14110911"]
[BlackFideId "5015197"]
[EventDate "2020.07.01"]
[EventType "k.o. blitz"]

1. d4 c5 2. d5 e5 3. Nc3 d6 4. e4 g6 5. f4 Nd7 6. Nf3 Bg7 7. Nb5 Qb6 8. Nd2 Kf8
9. a4 exf4 10. Nc4 Qd8 11. Bxf4 Ne5 12. Nbxd6 Bg4 13. Be2 Bxe2 14. Qxe2 Nxc4 15.
Nxc4 Nf6 16. O-O Kg8 17. Rad1 h6 18. e5 Nh5 19. d6 Nxf4 20. Rxf4 Qg5 21. Rdf1
Rf8 22. Qe4 b6 23. h4 Qd8 24. Qd5 Kh7 25. h5 1-0

[Event "Women's Speed Chess GP2"]
[Site "chess.com INT"]
[Date "2020.07.01"]
[Round "1.9"]
[White "Harika, Dronavalli"]
[Black "Ushenina, Anna"]
[Result "0-1"]
[WhiteTitle "GM"]
[BlackTitle "GM"]
[WhiteElo "2515"]
[BlackElo "2416"]
[WhiteFideId "5015197"]
[BlackFideId "14110911"]
[EventDate "2020.07.01"]
[EventType "k.o. blitz"]

1. c3 d5 2. d3 e5 3. g3 Nf6 4. Bg2 Be7 5. Nd2 O-O 6. h3 c6 7. g4 a5 8. Nf1 Re8
9. Ng3 Na6 10. Nf3 Bf8 11. Bg5 h6 12. Bd2 Nc5 13. g5 hxg5 14. Bxg5 Ne6 15. Bh4
Nf4 16. Kf1 Ng6 17. Bg5 Qd6 18. h4 Nf4 19. e4 Bg4 20. Nf5 Bxf5 21. exf5 Nh7 22.
d4 e4 23. Ne5 Nxg2 24. Kxg2 f6 25. Bf4 fxe5 26. dxe5 Rxe5 27. Qg4 Rae8 28. Bxe5
Qxe5 29. Rag1 Nf6 30. Qg6 e3 31. fxe3 Qxe3 32. Kh2 Qd2+ 33. Rg2 Re2 34. Rg1 Bd6+
35. Kh1 Rxg2 36. Rxg2 Qe1+ 37. Rg1 Qe4+ 38. Rg2 Qxh4+ 39. Kg1 Qe1# 0-1

[Event "Women's Speed Chess GP2"]
[Site "chess.com INT"]
[Date "2020.07.01"]
[Round "1.10"]
[White "Ushenina, Anna"]
[Black "Harika, Dronavalli"]
[Result "0-1"]
[WhiteTitle "GM"]
[BlackTitle "GM"]
[WhiteElo "2416"]
[BlackElo "2515"]
[WhiteFideId "14110911"]
[BlackFideId "5015197"]
[EventDate "2020.07.01"]
[EventType "k.o. blitz"]

1. d4 c6 2. Nf3 d6 3. e4 g6 4. Be2 Bg7 5. O-O Nd7 6. a4 Qc7 7. Nc3 e5 8. Be3
Ngf6 9. dxe5 dxe5 10. Nd2 O-O 11. Nc4 Rd8 12. Qd6 Qxd6 13. Nxd6 Bf8 14. Rfd1 Nb6
15. Nxc8 Rxd1+ 16. Rxd1 Nxc8 17. Rd8 Kg7 18. Bh6+ Kxh6 19. Rxf8 Kg7 20. Rd8 Nb6
21. Rxa8 Nxa8 22. f3 Nc7 23. Kf2 Kf8 24. Ke3 Ke7 25. Bc4 Nfe8 26. Nd1 Nd6 27.
Kd3 b5 28. axb5 cxb5 29. Bb3 a5 30. Ne3 a4 31. Nd5+ Nxd5 32. Bxd5 f5 33. c3 Kd7
34. g3 Kc7 35. exf5 gxf5 36. g4 fxg4 37. fxg4 Kd7 38. h4 h6 39. Ke3 Ke7 40. g5
hxg5 41. hxg5 Kf8 42. Bc6 Kg7 43. Be4 Nc4+ 44. Kf3 Nxb2 45. Bc6 a3 46. Bd5 Nc4
47. Bxc4 bxc4 48. Ke4 a2 49. Kxe5 a1=Q 50. Kd4 Qd1+ 51. Kxc4 Kf7 0-1

[Event "Women's Speed Chess GP2"]
[Site "chess.com INT"]
[Date "2020.07.01"]
[Round "1.11"]
[White "Harika, Dronavalli"]
[Black "Ushenina, Anna"]
[Result "0-1"]
[WhiteTitle "GM"]
[BlackTitle "GM"]
[WhiteElo "2515"]
[BlackElo "2416"]
[WhiteFideId "5015197"]
[BlackFideId "14110911"]
[EventDate "2020.07.01"]
[EventType "k.o. blitz"]

1. c3 e5 2. g3 d5 3. Bg2 Nf6 4. d3 Be7 5. Nd2 O-O 6. h3 a5 7. g4 c6 8. Nf1 Na6
9. Ng3 Nc5 10. Nf3 e4 11. Nd4 exd3 12. exd3 Bd6 13. O-O Ne6 14. Ndf5 Bf4 15. Qf3
Qc7 16. h4 Bxc1 17. Raxc1 Qf4 18. g5 Ng4 19. Nh5 Qh2# 0-1

[Event "Women's Speed Chess GP2"]
[Site "chess.com INT"]
[Date "2020.07.01"]
[Round "1.1"]
[White "Gunina, Valentina"]
[Black "Pham, Le Thao Nguyen"]
[Result "1-0"]
[WhiteTitle "GM"]
[BlackTitle "IM"]
[WhiteElo "2431"]
[BlackElo "2366"]
[WhiteFideId "4167570"]
[BlackFideId "12401226"]
[EventDate "2020.07.01"]
[EventType "k.o. blitz"]

1. d4 d5 2. c4 c6 3. cxd5 cxd5 4. Bg5 Nc6 5. Nc3 Nf6 6. Bxf6 gxf6 7. e3 e6 8.
Bd3 a6 9. Nge2 f5 10. Nf4 Bd6 11. Nce2 Qa5+ 12. Kf1 Qd8 13. a3 Ne7 14. h4 Bd7
15. g3 Ng6 16. h5 Nxf4 17. gxf4 h6 18. Ng1 Qb6 19. Rb1 Bb5 20. Nf3 Rc8 21. Rg1
Ke7 22. Qe2 Rcg8 23. Rxg8 Rxg8 24. Bxb5 Qxb5 25. Qxb5 axb5 26. Rc1 Ra8 27. Ne1
Rg8 28. Rc3 Kd7 29. Nf3 f6 30. Ne1 Rg4 31. Nd3 b6 32. Rc1 Rh4 33. Kg2 Rg4+ 34.
Kf3 Rg8 35. Ke2 Rg2 36. Rh1 Rg4 37. Ne1 Rg8 38. Nf3 b4 39. axb4 Bxb4 40. Ra1 Ba5
41. Nh4 Kc6 42. Ng6 Kb5 43. Rc1 Kb4 44. Rc6 Re8 45. Kd1 Kb3 46. Kc1 b5 47. Rc5
Kb4 48. Kc2 Bb6 49. Rc3 Ka4 50. Rc6 Ka5 51. Kb3 b4 52. Rc1 Kb5 53. Rc2 Rg8 54.
Rc1 Re8 55. Ra1 Rc8 56. Ne7 Re8 57. Ng6 Rc8 58. Nh4 Rg8 59. Ng6 Rd8 60. Rg1 Rg8
61. Rg3 Rg7 62. Nf8 Re7 63. Rg6 Rf7 64. Nxe6 Kc6 65. Rg7 Rxg7 66. Nxg7 Kb5 67.
Nxf5 Bc7 68. Nxh6 1-0

[Event "Women's Speed Chess GP2"]
[Site "chess.com INT"]
[Date "2020.07.01"]
[Round "1.2"]
[White "Pham, Le Thao Nguyen"]
[Black "Gunina, Valentina"]
[Result "0-1"]
[WhiteTitle "IM"]
[BlackTitle "GM"]
[WhiteElo "2366"]
[BlackElo "2431"]
[WhiteFideId "12401226"]
[BlackFideId "4167570"]
[EventDate "2020.07.01"]
[EventType "k.o. blitz"]

1. e4 c6 2. d4 d5 3. exd5 cxd5 4. Bd3 Nc6 5. c3 Qc7 6. h3 Nf6 7. Nf3 g6 8. Qc2
Bg7 9. O-O O-O 10. Re1 a6 11. Be3 Nh5 12. Qc1 Bd7 13. Nbd2 Nf4 14. Bxf4 Qxf4 15.
Nb3 Qc7 16. Nc5 Bc8 17. Qe3 Re8 18. Nb3 b6 19. Qg5 e6 20. Re2 Bd7 21. Rae1 Qd6
22. Qh4 f6 23. c4 Nb4 24. c5 Qe7 25. Bb1 e5 26. dxe5 bxc5 27. exf6 Qxf6 28. Qxf6
Bxf6 29. Nxc5 Rxe2 30. Rxe2 Bb5 31. Rd2 Rc8 32. Nb3 Ba4 33. Bd3 Nxa2 34. Nbd4
Nb4 35. Kh2 Rc1 36. b3 Bd7 37. Be2 Be7 38. g3 Bd6 39. Kg2 h6 40. Bd3 Kg7 41. Nh4
Nxd3 42. Rxd3 Rc8 43. Nhf3 Kf6 44. Rd2 a5 45. Ne2 Be6 46. Nfd4 Bf7 47. Kf3 Bb4
48. Rc2 Rxc2 49. Nxc2 Bd2 50. Ned4 Be8 51. Ke2 Bc3 52. Kd3 Bb2 53. Ne3 Ke5 54.
Ng4+ Kd6 55. Nxh6 Kc5 56. Nc2 Bb5+ 57. Kd2 d4 58. Ng4 Bc3+ 59. Kd1 d3 60. Na3
Bc6 61. Ne3 Bf3+ 62. Kc1 Kb4 63. Nb1 Kxb3 64. Nd2+ Bxd2+ 65. Kxd2 Be4 66. f3
Bxf3 67. Kxd3 a4 68. Kd2 a3 69. Kc1 a2 70. Nc2 Be4 71. Na1+ Kc3 72. h4 Bf5 0-1

[Event "Women's Speed Chess GP2"]
[Site "chess.com INT"]
[Date "2020.07.01"]
[Round "1.3"]
[White "Gunina, Valentina"]
[Black "Pham, Le Thao Nguyen"]
[Result "1-0"]
[WhiteTitle "GM"]
[BlackTitle "IM"]
[WhiteElo "2431"]
[BlackElo "2366"]
[WhiteFideId "4167570"]
[BlackFideId "12401226"]
[EventDate "2020.07.01"]
[EventType "k.o. blitz"]

1. e4 c6 2. Nf3 d5 3. d3 dxe4 4. dxe4 Qxd1+ 5. Kxd1 f6 6. Nbd2 e5 7. Bc4 Bc5 8.
Ke2 Bg4 9. h3 Bh5 10. c3 Nd7 11. Nb3 Bb6 12. a4 a5 13. Be3 Bxe3 14. Kxe3 Bxf3
15. Kxf3 Nh6 16. Rhd1 Ke7 17. Ke3 Rhd8 18. Be2 b6 19. Rd2 Nf7 20. Rad1 Nc5 21.
Nxc5 bxc5 22. g3 Rxd2 23. Rxd2 Rd8 24. Rxd8 Nxd8 25. Bc4 Nb7 26. Bg8 h6 27. Kd3
Nd6 28. f3 Kf8 29. Ba2 Ke7 30. h4 g6 31. Bg8 f5 32. exf5 gxf5 33. Ke3 Kf6 34. g4
e4 35. fxe4 Nxe4 36. gxf5 Nd6 37. Be6 Ke5 38. b3 h5 39. Kd3 c4+ 40. Bxc4 Kxf5
41. b4 Nb7 42. Ba6 Nd6 43. bxa5 Kg4 44. Kd4 Kxh4 45. Be2 Kg5 46. a6 Nc8 47. Kc5
h4 48. Bf3 1-0

[Event "Women's Speed Chess GP2"]
[Site "chess.com INT"]
[Date "2020.07.01"]
[Round "1.4"]
[White "Pham, Le Thao Nguyen"]
[Black "Gunina, Valentina"]
[Result "0-1"]
[WhiteTitle "IM"]
[BlackTitle "GM"]
[WhiteElo "2366"]
[BlackElo "2431"]
[WhiteFideId "12401226"]
[BlackFideId "4167570"]
[EventDate "2020.07.01"]
[EventType "k.o. blitz"]

1. d4 Nf6 2. Bf4 e6 3. e3 c5 4. c3 Nc6 5. Nd2 Qb6 6. Nc4 Qd8 7. Nd6+ Bxd6 8.
Bxd6 cxd4 9. exd4 Ne4 10. Ba3 d5 11. Nf3 e5 12. Nxe5 Qf6 13. Nd3 h5 14. Be2 Bf5
15. g3 O-O-O 16. f3 Ng5 17. h4 Ne6 18. Qd2 g5 19. O-O-O gxh4 20. gxh4 Bxd3 21.
Bxd3 Nf4 22. Rde1 Rhe8 23. Bc2 Rxe1+ 24. Qxe1 Rg8 25. Kb1 Kd7 26. Rg1 Rxg1 27.
Qxg1 Qxh4 28. Bf5+ Kc7 29. Bc5 b6 30. Bf8 Qf6 31. Bc2 Ne6 32. Ba3 Qxf3 33. Qh2+
Kb7 34. Bd6 Qf1+ 0-1

[Event "Women's Speed Chess GP2"]
[Site "chess.com INT"]
[Date "2020.07.01"]
[Round "1.4"]
[White "Gunina, Valentina"]
[Black "Pham, Le Thao Nguyen"]
[Result "1-0"]
[WhiteTitle "GM"]
[BlackTitle "IM"]
[WhiteElo "2431"]
[BlackElo "2366"]
[WhiteFideId "4167570"]
[BlackFideId "12401226"]
[EventDate "2020.07.01"]
[EventType "k.o. blitz"]

1. d4 d5 2. c4 e6 3. Nf3 Nf6 4. Nc3 Bb4 5. Bg5 h6 6. Bxf6 Qxf6 7. e3 O-O 8. Bd3
c5 9. O-O Bxc3 10. bxc3 Nc6 11. Qe2 dxc4 12. Bxc4 e5 13. dxc5 Qe7 14. Bd5 Qxc5
15. c4 Bg4 16. h3 Bxf3 17. Qxf3 Rac8 18. Rab1 b6 19. Rfd1 Ne7 20. Rb5 Qc7 21. c5
Nxd5 22. Rxd5 Rfe8 23. cxb6 axb6 24. Qf5 g6 25. Qe4 Qc1+ 26. Kh2 Qc2 27. Qh4
Qxa2 28. Rxe5 Rxe5 29. Rxe5 Qb2 30. Qf6 Rf8 31. h4 h5 32. g4 hxg4 33. h5 Qc2 34.
h6 1-0

[Event "Women's Speed Chess GP2"]
[Site "chess.com INT"]
[Date "2020.07.01"]
[Round "1.6"]
[White "Pham, Le Thao Nguyen"]
[Black "Gunina, Valentina"]
[Result "0-1"]
[WhiteTitle "IM"]
[BlackTitle "GM"]
[WhiteElo "2366"]
[BlackElo "2431"]
[WhiteFideId "12401226"]
[BlackFideId "4167570"]
[EventDate "2020.07.01"]
[EventType "k.o. blitz"]

1. d4 Nf6 2. c3 d5 3. Bf4 c5 4. e3 Nc6 5. Nd2 cxd4 6. exd4 Bg4 7. Qb3 Qc8 8.
Ngf3 Bxf3 9. Nxf3 g6 10. Be2 Bg7 11. O-O O-O 12. h3 Ne4 13. Qxd5 Qf5 14. Qxf5
gxf5 15. Rfe1 e6 16. Bd3 Nf6 17. Ne5 Nxe5 18. Bxe5 Nd5 19. Bxg7 Kxg7 20. g3 Kf6
21. Kg2 Rg8 22. Kf3 Rac8 23. a3 a6 24. Rad1 h5 25. h4 Rg4 26. Re5 Ne7 27. Bc2
Nc6 28. Re2 Rcg8 29. Bb3 e5 30. dxe5+ Nxe5+ 31. Rxe5 Kxe5 32. Bxf7 Rh8 33. Bb3
f4 34. Rd5+ Kf6 35. Rd6+ Ke7 36. Rb6 fxg3 37. Rxb7+ Kd6 38. fxg3 Rf8+ 39. Rf7
Rb8 40. Rf6+ Ke7 41. Re6+ Kd7 42. Bd5 Rb5 43. c4 Rb3+ 44. Ke2 Rgxg3 45. Rxa6
Rxb2+ 46. Kf1 Rc3 47. Re6 Rxa3 48. Re1 Kd6 49. Kg1 Rg3+ 50. Kf1 Rg4 51. Re2 Rb1+
52. Kf2 Rxh4 53. Re6+ Kc5 54. Re5 Rb2+ 55. Kg3 Rg4+ 56. Kh3 Rb3+ 57. Kh2 Rh4+
58. Kg2 Kd4 59. Rf5 Rg4+ 60. Kh2 h4 61. Rf2 Kc5 62. Rf5 Rgg3 63. Rf2 Rgc3 64.
Rf4 Rb2+ 65. Kg1 Rc1+ 66. Rf1 Rxf1+ 67. Kxf1 Kd4 68. Kg1 Rc2 69. Kh1 Ke3 70. Kg1
Kf4 71. Kh1 Kg3 0-1

[Event "Women's Speed Chess GP2"]
[Site "chess.com INT"]
[Date "2020.07.01"]
[Round "1.7"]
[White "Gunina, Valentina"]
[Black "Pham, Le Thao Nguyen"]
[Result "0-1"]
[WhiteTitle "GM"]
[BlackTitle "IM"]
[WhiteElo "2431"]
[BlackElo "2366"]
[WhiteFideId "4167570"]
[BlackFideId "12401226"]
[EventDate "2020.07.01"]
[EventType "k.o. blitz"]

1. d4 d5 2. c4 c6 3. Nf3 Nf6 4. Nc3 dxc4 5. e4 b5 6. e5 Nd5 7. Ne4 Bf5 8. Ng3 e6
9. Nxf5 exf5 10. Be2 Be7 11. O-O O-O 12. a4 Nd7 13. Qc2 g6 14. Bh6 Re8 15. axb5
cxb5 16. b3 N7b6 17. bxc4 bxc4 18. Rfb1 Qc7 19. h4 Rec8 20. Ng5 Qd7 21. Bf3 Rc7
22. Re1 Bb4 23. e6 fxe6 24. Rxe6 Re8 25. Rxe8+ Qxe8 26. h5 Bd6 27. g4 Re7 28.
gxf5 Re1+ 29. Kg2 Nf4+ 30. Kh2 Nxh5+ 31. Kh3 Nf4+ 32. Kh4 Rxa1 33. f6 Qe1 34.
f7+ Kh8 35. f8=Q+ Bxf8 36. Bxf8 Qg1 37. Bd6 Qh2+ 38. Nh3 Qxh3+ 39. Kg5 Ne6+ 40.
Kf6 Qxf3+ 41. Kxe6 Qd5+ 42. Ke7 Re1+ 43. Be5+ Rxe5+ 44. dxe5 Qxe5+ 0-1

[Event "Women's Speed Chess GP2"]
[Site "chess.com INT"]
[Date "2020.07.01"]
[Round "1.8"]
[White "Pham, Le Thao Nguyen"]
[Black "Gunina, Valentina"]
[Result "1-0"]
[WhiteTitle "IM"]
[BlackTitle "GM"]
[WhiteElo "2366"]
[BlackElo "2431"]
[WhiteFideId "12401226"]
[BlackFideId "4167570"]
[EventDate "2020.07.01"]
[EventType "k.o. blitz"]

1. d4 Nf6 2. Nf3 e6 3. Bf4 c5 4. e3 Qb6 5. Na3 cxd4 6. Nb5 Nd5 7. Qxd4 Qxd4 8.
Nfxd4 Nxf4 9. exf4 Kd8 10. O-O-O a6 11. Nc3 Kc7 12. Nf3 f6 13. g3 Nc6 14. Bg2
Bc5 15. Ne4 Ba7 16. Rd2 d5 17. Nc3 Bd7 18. Re1 Rhe8 19. Nd1 Rad8 20. c3 Bc8 21.
Nd4 e5 22. fxe5 fxe5 23. Nxc6 bxc6 24. Ne3 Be6 25. Nc2 Bf5 26. Rde2 Bg6 27. Rxe5
Bxf2 28. Re7+ Kb6 29. Rxe8 Rxe8 30. Rxe8 Bxe8 31. b4 Bg1 32. h3 Bh2 33. g4 Bf4+
34. Kb2 Bg6 35. Nd4 Be5 36. Ne6 a5 37. a3 axb4 38. axb4 Bf7 39. Nd4 c5 40. bxc5+
Kxc5 41. Nb3+ Kd6 42. Nd4 Ke7 43. Kc2 Kf6 44. Kd2 Bc7 45. Ke3 Ba5 46. Ne2 Ke5
47. Bf3 Bg6 48. h4 Bb6+ 49. Nd4 Be4 50. Be2 Bd8 51. Nc6+ Kd6 52. Nxd8 Kd7 53.
Nf7 h6 54. Ne5+ Ke6 55. Nf3 Kd6 56. Kd4 Ke6 57. Ne5 Bb1 58. Nd3 Kd6 59. Nf4 Be4
60. g5 hxg5 61. hxg5 Bh1 62. Bg4 Be4 63. Be6 1-0

[Event "Women's Speed Chess GP2"]
[Site "chess.com INT"]
[Date "2020.07.01"]
[Round "1.9"]
[White "Gunina, Valentina"]
[Black "Pham, Le Thao Nguyen"]
[Result "1-0"]
[WhiteTitle "GM"]
[BlackTitle "IM"]
[WhiteElo "2431"]
[BlackElo "2366"]
[WhiteFideId "4167570"]
[BlackFideId "12401226"]
[EventDate "2020.07.01"]
[EventType "k.o. blitz"]

1. d4 Nf6 2. c4 c6 3. Nf3 d5 4. e3 Bg4 5. h3 Bh5 6. g4 Bg6 7. Ne5 Nbd7 8. cxd5
cxd5 9. Qa4 a6 10. Nc3 e6 11. g5 Ne4 12. Nxg6 hxg6 13. Nxe4 dxe4 14. Bg2 Qxg5
15. Bxe4 Rb8 16. Bd2 Bd6 17. Rc1 Qe7 18. Ke2 g5 19. Bd3 f5 20. d5 g6 21. dxe6
Qxe6 22. Bc4 Qe7 23. Bc3 Rh7 24. Bd5 Kf8 25. Rcd1 Be5 26. Bb3 Bxc3 27. bxc3 Ne5
28. Qd4 Re8 29. Kf1 g4 30. Kg2 Nf3 31. Qf4 Nh4+ 32. Kf1 g5 33. Qc4 Rg7 34. hxg4
fxg4 35. Qxg4 Qf6 36. Qh5 Nf3 37. Ke2 Ne5 38. Rd4 Ng6 39. Rh3 Nf4+ 40. Rxf4 gxf4
41. Qd5 Qe5 42. Rh8+ Ke7 43. Qxe5+ Kd7 44. Qxe8+ 1-0

[Event "Women's Speed Chess GP2"]
[Site "chess.com INT"]
[Date "2020.07.01"]
[Round "1.10"]
[White "Pham, Le Thao Nguyen"]
[Black "Gunina, Valentina"]
[Result "1-0"]
[WhiteTitle "IM"]
[BlackTitle "GM"]
[WhiteElo "2366"]
[BlackElo "2431"]
[WhiteFideId "12401226"]
[BlackFideId "4167570"]
[EventDate "2020.07.01"]
[EventType "k.o. blitz"]

1. d4 Nf6 2. Nf3 e6 3. c3 d5 4. Bf4 Bd6 5. Bg3 O-O 6. e3 c5 7. Nbd2 Nc6 8. Bd3
Qe7 9. Ne5 Qc7 10. f4 b6 11. O-O Bb7 12. Bh4 Be7 13. Bxf6 Bxf6 14. Qf3 g6 15. g4
Bg7 16. g5 Ne7 17. Qh3 f6 18. Qxe6+ Kh8 19. Nf7+ Rxf7 20. Qxf7 Qd6 21. gxf6 Bxf6
22. Nf3 Rf8 23. Qxf8+ 1-0